Provence-Alpes-Côte d'Azur: villes de plus de 50 000 habitants - Statistiques

Statistiques générales
  • Ce quiz a été pris 77 fois
  • Le résultat moyen est 10 sur 12
Statistiques - réponses
Classement Population Département Nom de la commune % Correct
1 877 000 13 Marseille
99%
2 353 000 06 Nice
99%
3 180 000 83 Toulon
97%
4 147 000 13 Aix-en-Provence
94%
5 91 000 84 Avignon
93%
7 74 000 06 Cannes
92%
9 58 000 83 Fréjus
77%
10 55 000 83 Hyères
73%
6 76 000 06 Antibes
69%
12 51 000 13 Arles
66%
8 62 000 83 La Seyne-sur-Mer
61%
11 52 000 06 Cagnes-sur-Mer
45%
Aucun quiz correspondant
Distribution des résultats
% des personnes avec chaque résultat
Percentile par nombre de réponses
Votre historique - résultats
Vous n’avez pas pris ce quiz